| 000 | 01211aam a2200349 i 4500 | ||
|---|---|---|---|
| 001 | 68811 | ||
| 003 | Mx-PuUPA | ||
| 005 | 20241007104951.0 | ||
| 008 | 241007s2015 mx a|||gr|||| 00| h spa d | ||
| 020 | _a9786072418233 | ||
| 040 |
_aMx-PuUPA _bspa _cMx-PuUPA _dMx-PuUPA _erda |
||
| 041 | 0 | _aspa | |
| 100 | 1 |
_aRomero, Ana, _d1975- _910761 _eautor |
|
| 245 | 1 | 0 |
_aLos rojos camaradas / _cAna Romero ; ilustraciones de Natalia Gurovich |
| 264 | 1 |
_aMéxico, D.F. : _bSM de Ediciones, _c2015 |
|
| 300 |
_a63 páginas : _bilustraciones ; _c19 cm |
||
| 336 |
_2rdacontent _atexto _btxt |
||
| 336 |
_2rdacontent _aimagen fija _bsti |
||
| 337 |
_2rdamedia _asin medio _bn |
||
| 338 |
_2rdacarrier _avolumen _bnc |
||
| 490 | 1 |
_aEl barco de vapor. Azul ; _v59 M |
|
| 521 | 1 | _a7 + | |
| 650 | 7 |
_2armarc _aRitos y ceremonias fúnebres _xLiteratura infantil |
|
| 650 | 7 |
_2armarc _aLuto _xLiteratura infantil |
|
| 650 | 7 |
_2armarc _aAbuelos _xLiteratura infantil |
|
| 700 | 1 |
_aGurovich, Natalia, _eilustrador |
|
| 830 | 3 |
_aEl barco de vapor. _pAzul _x9789687791760 _v59 M |
|
| 942 |
_2ddc _cLI _h863 _iB2759 |
||
| 999 |
_c68811 _d68811 |
||